The Path of Hungary's EU Membership (Запис № 579767)

МАРК-запис
000 -LEADER
fixed length control field 06394nam a22007095i 4500
001 - CONTROL NUMBER
control field 978-3-031-94009-5
003 - CONTROL NUMBER IDENTIFIER
control field DE-He213
005 - DATE AND TIME OF LATEST TRANSACTION
control field 20260304123939.0
007 - PHYSICAL DESCRIPTION FIXED FIELD--GENERAL INFORMATION
fixed length control field cr nn 008mamaa
008 - FIXED-LENGTH DATA ELEMENTS--GENERAL INFORMATION
fixed length control field 251219s2025 sz | s |||| 0|eng d
020 ## - INTERNATIONAL STANDARD BOOK NUMBER
International Standard Book Number 9783031940095
-- 978-3-031-94009-5
024 7# - OTHER STANDARD IDENTIFIER
Standard number or code 10.1007/978-3-031-94009-5
Source of number or code doi
050 #4 - LIBRARY OF CONGRESS CALL NUMBER
Classification number HC241-241.25.Z
072 #7 - SUBJECT CATEGORY CODE
Subject category code KCL
Source bicssc
072 #7 - SUBJECT CATEGORY CODE
Subject category code 1QFE
Source bicssc
072 #7 - SUBJECT CATEGORY CODE
Subject category code BUS035000
Source bisacsh
072 #7 - SUBJECT CATEGORY CODE
Subject category code KCL
Subject category code subdivision 1QFE
Source thema
082 04 - DEWEY DECIMAL CLASSIFICATION NUMBER
Classification number 337.14
Edition number 23
245 14 - TITLE STATEMENT
Title The Path of Hungary's EU Membership
Medium [electronic resource] :
Remainder of title Navigating Sovereignty, Dependence, and Economic Development /
Statement of responsibility, etc edited by András Bíró-Nagy, Gergő Medve-Bálint.
250 ## - EDITION STATEMENT
Edition statement 1st ed. 2025.
264 #1 -
-- Cham :
-- Springer Nature Switzerland :
-- Imprint: Palgrave Macmillan,
-- 2025.
300 ## - PHYSICAL DESCRIPTION
Extent XVI, 427 p. 63 illus.
Other physical details online resource.
336 ## -
-- text
-- txt
-- rdacontent
337 ## -
-- computer
-- c
-- rdamedia
338 ## -
-- online resource
-- cr
-- rdacarrier
341 0# -
-- PDF/UA-1
-- onix
341 0# -
-- Table of contents navigation
-- onix
341 0# -
-- Single logical reading order
-- onix
341 0# -
-- Short alternative textual descriptions
-- onix
341 0# -
-- Use of color is not sole means of conveying information
-- onix
341 0# -
-- Use of high contrast between text and background color
-- onix
341 0# -
-- Next / Previous structural navigation
-- onix
341 0# -
-- All non-decorative content supports reading without sight
-- onix
347 ## -
-- text file
-- PDF
-- rda
490 1# - SERIES STATEMENT
Series statement Studies in Economic Transition,
Міжнародний стандартний серійний номер для назви серії (ISSN) 2662-6683
505 0# - FORMATTED CONTENTS NOTE
Formatted contents note 1. Introduction -- 2. Eastern enlargement after 20 years: the European Union as a regulatory framework -- 3. Sovereign dependence. Hungarian market economy in the EU -- 4. Economic governance: conceived in crisis, victim of crises -- 5. Why has Hungary not adopted the euro? The reasons and circumstances of staying out of the Eurozone -- 6. The impact of EU funds on the performance of Hungarian companies -- 7. Hungarian industrial policy in the EU framework -- 8. The impact of EU membership on Hungarian legislation -- 9. The implementation of country-specific recommendations in Hungary -- 10. Social divergence in Hungary -- 11. EU funds and regional disparities -- 12. Hungarian agriculture: the balance of two decades in the EU -- 13. Public perceptions of the European Union’s policy impact in Hungary -- 14. Drivers of Euroscepticism in Hungary -- 15. Conclusion.
506 0# - RESTRICTIONS ON ACCESS NOTE
Terms governing access Open Access
520 ## - SUMMARY, ETC.
Summary, etc “In this pivotal volume, András Bíró-Nagy and Gergő Medve-Bálint bring together a distinguished group of Hungarian scholars to examine how Viktor Orbán has navigated the tensions between his political illiberalism and Hungary’s economic dependence within the European Union." – Professor Tanja Börzel, Director of the Center for European Integration, Freie Universität Berlin, Germany "This highly informative book offers a much-needed analysis of the political economy of Hungary’s EU membership. The volume is a must read for anyone interested in Hungary's trajectory over the past 20 years, and the conflicts shaping European integration today." – Professor Dorothee Bohle, University of Vienna, Austria This book examines the impact of European Union membership in Hungary over the past two decades. It explores how successive Hungarian governments have either leveraged or failed to capitalize on the opportunities provided by the EU framework. Through a detailed analysis of various policy areas—including monetary and fiscal policy, regional policy, industrial policy, social policy and agricultural policy—the volume evaluates how EU regulatory influences have intersected with domestic policies to shape Hungary's development trajectory. The book highlights both the boundaries of EU influence and the constraints of domestic political and economic agency in a small, open economy grappling with the challenges of dependent development. This book will appeal to students, researchers, and policymakers in the fields of political economy, European studies, and public policy. András Bíró-Nagy is a Senior Research Fellow and Head of the Department of Government and Public Policy at the Institute for Political Science, HUN-REN Centre for Social Sciences, and Director of Policy Solutions. Gergő Medve-Bálint is a Senior Research Fellow at the Institute for Political Science, HUN-REN Centre for Social Sciences, and Associate Professor at the Institute for Social and Political Sciences at the Corvinus University of Budapest.
532 8# -
-- Accessibility summary: This PDF has been created in accordance with the PDF/UA-1 standard to enhance accessibility, including screen reader support, described non-text content (images, graphs), bookmarks for easy navigation, keyboard-friendly links and forms and searchable, selectable text. We recognize the importance of accessibility, and we welcome queries about accessibility for any of our products. If you have a question or an access need, please get in touch with us at accessibilitysupport@springernature.com. Please note that a more accessible version of this eBook is available as ePub.
532 8# -
-- No reading system accessibility options actively disabled
532 8# -
-- Publisher contact for further accessibility information: accessibilitysupport@springernature.com
650 #0 - SUBJECT ADDED ENTRY--TOPICAL TERM
Topical term or geographic name as entry element Europe
General subdivision Economic integration.
650 #0 - SUBJECT ADDED ENTRY--TOPICAL TERM
Topical term or geographic name as entry element Economics.
650 #0 - SUBJECT ADDED ENTRY--TOPICAL TERM
Topical term or geographic name as entry element Development economics.
650 14 - SUBJECT ADDED ENTRY--TOPICAL TERM
Topical term or geographic name as entry element European Economic Integration.
650 24 - SUBJECT ADDED ENTRY--TOPICAL TERM
Topical term or geographic name as entry element Political Economy and Economic Systems.
650 24 - SUBJECT ADDED ENTRY--TOPICAL TERM
Topical term or geographic name as entry element Development Economics.
700 1# - ADDED ENTRY--PERSONAL NAME
Personal name Bíró-Nagy, András.
Relator term editor.
Relator code edt
-- http://id.loc.gov/vocabulary/relators/edt
9 (RLIN) 23438
700 1# - ADDED ENTRY--PERSONAL NAME
Personal name Medve-Bálint, Gergő.
Relator term editor.
Relator code edt
-- http://id.loc.gov/vocabulary/relators/edt
9 (RLIN) 23439
710 2# - ADDED ENTRY--CORPORATE NAME
Corporate name or jurisdiction name as entry element SpringerLink (Online service)
773 0# - HOST ITEM ENTRY
Title Springer Nature eBook
776 08 - ADDITIONAL PHYSICAL FORM ENTRY
Display text Printed edition:
International Standard Book Number 9783031940088
776 08 - ADDITIONAL PHYSICAL FORM ENTRY
Display text Printed edition:
International Standard Book Number 9783031940101
776 08 - ADDITIONAL PHYSICAL FORM ENTRY
Display text Printed edition:
International Standard Book Number 9783031940118
830 #0 - SERIES ADDED ENTRY--UNIFORM TITLE
Uniform title Studies in Economic Transition,
-- 2662-6683
9 (RLIN) 21470
856 40 - ELECTRONIC LOCATION AND ACCESS
Uniform Resource Identifier <a href="https://doi.org/10.1007/978-3-031-94009-5">https://doi.org/10.1007/978-3-031-94009-5</a>
912 ## -
-- ZDB-2-ECF
912 ## -
-- ZDB-2-SXEF
912 ## -
-- ZDB-2-SOB

Немає доступних примірників.